Normal view
MARC view
- القانون -- اللغة الانجليزية -- القواميس
Entry Topical Term
001 - CONTROL NUMBER
- control field: 50646
003 - CONTROL NUMBER IDENTIFIER
- control field: JO-AjAnu
005 - DATE AND TIME OF LATEST TRANSACTION
- control field: 20230606082334.0
008 - FIXED-LENGTH DATA ELEMENTS
- fixed length control field: 230606|| aca||aabn | a|a d
040 ## - CATALOGING SOURCE
- Original cataloging agency: JO-AjAnu
- Transcribing agency: JO-AjAnu
150 ## - HEADING--TOPICAL TERM
- Topical term or geographic name entry element: القانون -- اللغة الانجليزية -- القواميس
670 ## - SOURCE DATA FOUND
- Source citation: Work cat.: (JO-AjAnu)25890: العقايلة ، زيد محمود, author 50645, المصطلحات القانونية باللغة الإنجليزية مع ترجمة كاملة إلى اللغة العربية